书目信息 |
| 题名: |
中国翻译简史
|
|
| 作者: | 马祖毅 著 | |
| 分册: | ||
| 出版信息: | 北京 中国对外翻译出版公司 1998 |
|
| 页数: | 459页 | |
| 开本: | 20cm | |
| 丛书名: | 翻译理论与实务丛书 | |
| 单 册: | ||
| 中图分类: | H159 | |
| 科图分类: | ||
| 主题词: | 汉语--翻译 | |
| 电子资源: | ||
| ISBN: | 7-5001-0537-1 | |
| 000 | 00703nam0 2200241 450 | |
| 001 | 0632299437 | |
| 005 | 20070702142408.28 | |
| 010 | @a7-5001-0537-1@dCNY22.30 | |
| 100 | @a20060315d1998 km y0chiy0120 ea | |
| 101 | 0 | @achi |
| 102 | @aCN@b110000 | |
| 200 | 1 | @a中国翻译简史@Azhong guo fan yi jian shi@e"五四"以前部分@f马祖毅著@Fma zu yi zhu |
| 205 | @a增订版 | |
| 210 | @a北京@c中国对外翻译出版公司@d1998 | |
| 215 | @a459页@d20cm | |
| 225 | @a翻译理论与实务丛书 | |
| 410 | 0 | @12001 @a翻译理论与实务丛书 |
| 517 | 1 | @a"五四"以前部分@A"wu si"yi qian bu fen |
| 606 | 0 | @a汉语@x翻译 |
| 690 | @aH159@v4 | |
| 701 | 0 | @a马祖毅@Ama zu yi@4著 |
| 801 | 0 | @aCN@bPFT@c20070702 |
| 905 | @a10447@dH159@e298=2 | |
| 中国翻译简史:"五四"以前部分/马祖毅著.-增订版.-北京:中国对外翻译出版公司,1998 |
| 459页;20cm.-(翻译理论与实务丛书) |
| ISBN 7-5001-0537-1:CNY22.30 |
| ● |
| 相关链接 |
|
|
|
|
正题名:中国翻译简史
索取号:H159/298=2
 
预约/预借
| 序号 | 登录号 | 条形码 | 馆藏地/架位号 | 状态 | 备注 |
| 1 | 0349430 | 203494307 | 第二样本阅览室/ [索取号:H159/298=2] | 在馆 | |
| 2 | 0764202 | 207642023 | 密集书库/ [索取号:H159/298=2] | 在馆 |